| 000 | 00632cam a2200241 4500 | ||
|---|---|---|---|
| 001 | 25154 | ||
| 003 | BD-RjUL | ||
| 005 | 20211209050835.0 | ||
| 008 | 140316s1973 ge a 000 0 eng | ||
| 035 | _a(BD-RjUL)25223 | ||
| 040 |
_aDLC _cDLC _dDLC _beng |
||
| 041 | _aeng | ||
| 082 | 0 | 0 |
_a914.310387 _bINT 1973 |
| 245 | 0 | 0 | _aIntroducing the GDR. |
| 250 | _a4th.rev. ed. | ||
| 260 |
_aDresden : _bVerlag Zeit im Bild, _c1973 |
||
| 300 |
_a79 p. : _billus. ; _c19 cm. |
||
| 500 | _a"Abridged and brought up to date." | ||
| 651 | 0 |
_aGermany (East) _96530 |
|
| 942 |
_2ddc _cBK |
||
| 999 |
_c25154 _d25154 |
||